000 00864cab a2200241 4500
001 WB3309-52
008 090401t1997 xxu||||| |||| 00| 0 eng d
035 _a(Sirsi) u59998
041 _aeng
245 _aNegligence
260 _c1997
350 _a0
490 _aEstates Gazette Case Summaries
_v1997 EGCS 17 (22/2/97)
520 _a"NM Rothschild & Sons Ltd and others v Berenson and others" CA 7 February 1997. Defendant solicitors were in breach of duty of care in providing funds request outside the scope of the lending criteria, It was reasonably foreseeable that money lent would not be recoverable.
650 _aDUTY OF CARE
650 _aFORESEEABILITY
650 _aLENDING CRITERIA
650 _aLOANS
650 _aSOLICITORS
690 _aMANAGEMENT-BUSINESS MANAGEMENT-PROFESSIONAL PRACTICE
942 _n0
948 _c04/03/1997
999 _c36931
_d36931